| 000 | 00349nam a22001097a 4500 | ||
|---|---|---|---|
| 082 |
_a355 _bGUI _cL-40, P-65 |
||
| 100 |
_aSupply and Transport Directorate _948641 |
||
| 245 | _aGuide Book for Newly Commissioned Army Service Corps Officer | ||
| 526 |
_a0 _b0 _c0 _d355_000000000000000_GUI |
||
| 526 |
_a0 _b0 _c0 _d355_000000000000000_GUI |
||
| 942 |
_2ddc _cBK |
||
| 999 |
_c551508 _d551508 |
||